Balkrishna V. Doshi : (Record no. 12812)
[ view plain ]
| 000 -LEADER | |
|---|---|
| fixed length control field | 00401cam a22001455i 4500 |
| 003 - CONTROL NUMBER IDENTIFIER | |
| control field | OSt |
| 005 - DATE AND TIME OF LATEST TRANSACTION | |
| control field | 20240712160255.0 |
| 008 - FIXED-LENGTH DATA ELEMENTS--GENERAL INFORMATION | |
| fixed length control field | 240129s2023 ii 000 0 eng |
| 020 ## - INTERNATIONAL STANDARD BOOK NUMBER | |
| International Standard Book Number | 9788195454518 |
| 042 ## - AUTHENTICATION CODE | |
| Authentication code | lcode |
| 082 ## - DEWEY DECIMAL CLASSIFICATION NUMBER | |
| Classification number | 720.954 |
| 245 00 - TITLE STATEMENT | |
| Title | Balkrishna V. Doshi : |
| Remainder of title | Indian Institute of Management, Bangalore / |
| Statement of responsibility, etc | edited and photographed by Randhir Singh. |
| 300 ## - PHYSICAL DESCRIPTION | |
| Extent | 128 pages |
| 942 ## - ADDED ENTRY ELEMENTS (KOHA) | |
| Source of classification or shelving scheme | |
| Withdrawn status | Lost status | Source of classification or shelving scheme | Damaged status | Koha normalized classification for sorting | Not for loan | Permanent location | Current location | Date acquired | Source of acquisition | Cost, normal purchase price | Total Checkouts | Full call number | Barcode | Date last seen | Date last borrowed | Cost, replacement price | Price effective from | Koha item type |
|---|---|---|---|---|---|---|---|---|---|---|---|---|---|---|---|---|---|---|
| 720_954000000000000 | BMS College of Architecture, Design and Planning | BMS College of Architecture, Design and Planning | 2024-07-12 | 1 | 1500.00 | 1 | 720.954 | AR-UG4024 | 2025-02-24 | 2025-02-14 | 2000.00 | 2024-07-12 | B.PLAN | |||||
| 720_954000000000000 | BMS College of Architecture, Design and Planning | BMS College of Architecture, Design and Planning | 2024-07-12 | 1 | 1500.00 | 720.954 | AR-UG4025 | 2024-07-12 | 2000.00 | 2024-07-12 | B.PLAN |